[Event "Montigny le Bretonneux op 22nd"]
[Site "Montigny le Bretonneux"]
[Date "2023.12.27"]
[Round "2"]
[White "Taieb, Cedric"]
[Black "Lanfant, Kevin"]
[Result "0-1"]
[WhiteElo "1399"]
[BlackElo "1213"]
[PlyCount "118"]
[EventDate "2023.12.27"]
[EventType "swiss"]
[EventRounds "7"]
[EventCountry "FRA"]
[SourceTitle "CBM 218 Extra"]
[Source "ChessBase"]
[SourceDate "2024.03.31"]
[SourceVersion "1"]
[SourceVersionDate "2024.03.31"]
[SourceQuality "1"]

1. d4 f5 2. Bf4 d6 3. Nc3 Nf6 4. f3 g6 5. e4 Bg7 6. Bd3 fxe4 7. fxe4 0-0 8. Nf3 Nxe4 9. Bxe4 Rxf4 10. Qd2 Rf8 11. h4 Bg4 12. 0-0-0 c6 13. Rde1 d5 14. Bd3 Bxf3 15. gxf3 Bxd4 16. h5 Qd6 17. hxg6 Qf4 18. gxh7+ Kh8 19. Qxf4 Rxf4 20. Rxe7 Rf8 21. Ne2 Bc5 22. Rxb7 a5 23. Rh3 Na6 24. Rg3 Nb4 25. Rg8+ Rxg8 26. hxg8Q+ Kxg8 27. Bh7+ Kh8 28. a3 Na6 29. Nf4 Be3+ 30. Kb1 Bxf4 31. Bd3 Nc5 32. Rh7+ Kg8 33. Bf5 Rf8 34. Rh5 Kg7 35. Bg4 Re8 36. Rf5 Bh6 37. Bh5 Re7 38. f4 Ne6 39. Re5 Bxf4 40. Re1 Kf6 41. Ka2 c5 42. Rf1 Kf5 43. Kb3 Nd4+ 44. Ka4 Nxc2 45. Kxa5 d4 46. Rg1 c4 47. Bg6+ Ke5 48. Bxc2 Kd5 49. Rg4 Re2 50. b3 Bc7+ 51. Ka4 Rxc2 52. b4 d3 53. Rg5+ Be5 54. b5 d2 55. Rg8 d1Q 56. Rd8+ Bd6 57. b6 Ra2+ 58. Ka5 Rxa3+ 59. Kb5 Qb3# 0-1